Statistics for Puerto Rico BSN cities (basketball)

Click here to take the quiz!

General Stats

  • This quiz has been taken 43 times
  • The average score is 16 of 23

Answer Stats

Answer% Correct
TainosCabo Rojo|Mayaguez
96%
LionsPonce
96%
CowboysBayamon
91%
MetsGuaynabo
91%
AthleticsSan German
91%
CaptainsArecibo
87%
GiantsCarolina
87%
PiratesQuebradillas
87%
CapitalsSan Juan
83%
Hard facesFajardo
78%
GraysHumacao
74%
CreolesCaguas
70%
WitchesGuayama
65%
SharksAguadilla
61%
CrabbersSanturce
61%
Marathon RunnersCoamo
57%
WitchcraftersAguada
52%
BullsCayey
52%
TitansMorovis
52%
BantamsIsabela
48%
ChickensAibonito
30%
CardinalsRio Piedras
30%
IndiansCanovanas
26%

Score Distribution

Percentile by Number Answered

Percent of People with Each Score

Your Score History

You have not taken this quiz